000 00464nam a2200181Ia 4500
001 10103
005 20260306161807.0
008 260306t1994||||xx |||||||||||||| ||spa||
041 _aESP
082 _aPL 891.85
_bM52
100 _aMickiewicz, Adán
_eAUT
245 0 _aEl libro de la nación poloca y de los peregrinos polacos
260 _c1994
300 _axxxvii, 108 páginas :
_c18 cm.
650 _aGEN
654 _aCHU
942 _cLIB
_dJUS
_fJUS
_2ddc
_n
999 _c10103
_d10103